Rosendo I de Mondoñedo (857-896). Cronología de un obispo repoblador (Record no. 664863)
[ view plain ]
| 000 -CABECERA | |
|---|---|
| Campo de control de longitud fija | 00469nab a2200145Ia 4500 |
| 003 - IDENTIFICADOR DEL NÚMERO DE CONTROL | |
| Campo de control | ES-SlBCS |
| 005 - FECHA Y HORA DE LA ÚLTIMA TRANSACCIÓN | |
| Campo de control | 20220625200734.0 |
| 008 - CÓDIGOS DE INFORMACIÓN DE LONGITUD FIJA | |
| Campo de control de longitud fija | 140529s2000 xxu||||| |||| 00| 0 spa d |
| 041 ## - CÓDIGO DE LENGUA | |
| Código de lengua del texto/banda sonora o título independiente | spa |
| 100 1# - PUNTO DE ACCESO PRINCIPAL-NOMBRE DE PERSONA | |
| Nombre de persona | Carriedo Tejedo, Manuel |
| 9 (RLIN) | 67731 |
| 245 00 - MENCIÓN DE TÍTULO | |
| Título | Rosendo I de Mondoñedo (857-896). Cronología de un obispo repoblador |
| Mención de responsabilidad, etc. | Manuel Carriedo Tejedo |
| 630 04 - PUNTO DE ACCESO ADICIONAL DE MATERIA-TÍTULO UNIFORME | |
| Título uniforme | Rosendo I |
| 9 (RLIN) | 259854 |
| 773 0# - ENLACE AL DOCUMENTO FUENTE | |
| Título | Estudios Mindonienses |
| Parte(s) relacionada(s) | nº. 16, 2000, págs. 373-386 |
| Número de control del registro relacionado | Rev196 |
| 942 ## - ENTRADA DE ELEMENTOS AGREGADOS (KOHA) | |
| Koha [por defecto] tipo de item | Artículos de revista |
| Suprimido | Perdido | Estropeado | No para préstamo | Localización permanente | Localización actual | Localización en estantería | Fecha adquisición | Préstamos totales | Fecha última consulta | Fecha del precio de reemplazo | Tipo de item de Koha |
|---|---|---|---|---|---|---|---|---|---|---|---|
| San Esteban | San Esteban | Depósito de revistas | 11/07/2014 | 11/07/2014 | 11/07/2014 | Artículos de revista |
